Principles of neurocomputing for science and engineering (Record no. 207)

MARC details
000 -LEADER
Fixed length control field 00552nam a2200193 4500
003 - CONTROL NUMBER IDENTIFIER
Control field SEACOMMC
005 - DATE AND TIME OF LATEST TRANSACTION
Control field 20231013060401.0
008 - FIXED-LENGTH DATA ELEMENTS--GENERAL INFORMATION
Fixed length control field 231013b |||||||| |||| 00| 0 eng d
020 ## - INTERNATIONAL STANDARD BOOK NUMBER / ISBN
Price Rs. 325.00
040 ## - CATALOGING SOURCE
Original cataloging agency SEACOMMC
082 ## - DEWEY DECIMAL CLASSIFICATION NUMBER
Classification number 006.32
Book Number HAM
100 1# - MAIN ENTRY--PERSONAL NAME
Personal name Ham, Fredric M.
245 1# - TITLE STATEMENT
Title Principles of neurocomputing for science and engineering
Statement of responsibility Fredric M. Ham and Ivica Kestanic
260 ## - IMPRINT
Place of publication New Delhi
Name of publisher Tata McGraw-Hill
Date of publication 2003
650 ## - SUBJECT ADDED ENTRY--TOPICAL TERM
Topical term Computer science
650 ## - SUBJECT ADDED ENTRY--TOPICAL TERM
Topical term Artificial intelligence
700 1# - ADDED ENTRY--PERSONAL NAME
Personal name Kestanic, Ivica
942 ## - ADDED ENTRY ELEMENTS (KOHA)
Koha item type Books
Holdings
Withdrawn status Lost status Source of classification Damaged status Not for loan Home library Current library Date acquired Total Checkouts Call number Accession number Date last seen Price effective from Koha item type
    Dewey Decimal Classification     SEACOM MANAGEMENT COLLEGE SEACOM MANAGEMENT COLLEGE 05/08/2006   006.32 HAM 05187 13/10/2023 13/10/2023 Books
© Seacom Engineering College, All rights reserved.    Powered by Koha